Complete Course in English (Record no. 3691)

MARC details
000 -LEADER
fixed length control field 00387nam a22001697a 4500
005 - DATE AND TIME OF LATEST TRANSACTION
control field 20160623151747.0
008 - FIXED-LENGTH DATA ELEMENTS--GENERAL INFORMATION
fixed length control field 160623b xxu||||| |||| 00| 0 eng d
020 ## - INTERNATIONAL STANDARD BOOK NUMBER
ISBN 81-203-0564-7
041 ## - LANGUAGE CODE
Language code of text/sound track or separate title eng
082 ## - DEWEY DECIMAL CLASSIFICATION NUMBER
Item number 9602
100 ## - MAIN ENTRY--AUTHOR NAME
Personal name Discoon, Robert J.
245 ## - TITLE STATEMENT
Title Complete Course in English
260 ## - PUBLICATION, DISTRIBUTION, ETC. (IMPRINT)
Name of publisher PHI
Year of publication 2002
300 ## - PHYSICAL DESCRIPTION
Number of Pages 165
650 ## - SUBJECT ADDED ENTRY--TOPICAL TERM
Topical Term Management
942 ## - ADDED ENTRY ELEMENTS (KOHA)
Koha item type Books
Holdings
Lost status Damaged status Home library Date acquired Cost, normal purchase price Full call number Accession Number Koha item type
    JRU Library 23/06/2016 65.00 9602 9602 Books